Państwa z literą O w nazwie - Statystyki

Ogólne statystyki
  • Ten quiz został rozwiązany 54 razy
    35 od ostatniego zresetowania
  • Średni wynik to 50 z 67
Statystyki odpowiedzi
Odpowiedź % Poprawnych
Andora
93%
Polska
93%
Portugalia
93%
Rosja
93%
Boliwia
90%
Demokratyczna Republika Konga
90%
Holandia
90%
Kongo
90%
Monako
90%
Norwegia
90%
Angola
86%
Japonia
86%
Łotwa
86%
Mongolia
86%
Oman
86%
Włochy
86%
Wyspy świętego Tomasza i Książęca
86%
Słowenia
83%
Białoruś
79%
Ekwador
79%
Indonezja
79%
Kolumbia
79%
Korea Północna
79%
Korea Południowa
79%
Maroko
79%
Papua Nowa Gwinea
79%
Republika Południowej Afryki
79%
Republika Zielonego Przylądka
79%
Słowacja
79%
Barbados
76%
Botswana
76%
Kosowo
76%
Nowa Zelandia
76%
Zjednoczone Emiraty Arabskie
76%
Bośnia i Hercegowina
72%
Dominika
72%
Estonia
72%
Etiopia
72%
Jordania
72%
San Marino
72%
Stany Zjednoczone
72%
Togo
72%
Kambodża
69%
Komory
69%
Laos
69%
Mołdawia
69%
Republika Środkowoafrykańska
69%
Tonga
69%
Chorwacja
66%
Czarnogóra
66%
Dominikana
66%
Macedonia Północna
66%
Mozambik
66%
Wybrzeże Kości Słoniowej
66%
Gabon
62%
Gwinea Równikowa
62%
Honduras
62%
Lesotho
62%
Mikronezja
62%
Somalia
62%
Sudan Południowy
59%
Sierra Leone
52%
Burkina Faso
48%
Salwador
48%
Samoa
48%
Trynidad i Tobago
48%
Timor Wschodni
45%
Nie znaleziono quizów pasujących do podanych kryteriów
Rozkład punktacji
Procent ludzi z każdym wynikiem
Percentyl według liczby udzielonych odpowiedzi
Twoja historia wyników
Nie rozwiązałeś tego quizu od ostatniego zresetowania